000
00211 a2200097 4500
001
18053
100
_a
O E C D
245
_a
Mathematical models in Edu planning
260
_a
_b
O E C D
_c
090
_c
13347
_d
13347
942
_a
NUST-CAE
_c
M
_c
3722
999
_c
253126
_d
253126